Fundamentals of physics (Record no. 10353)
[ view plain ]
| 000 -LEADER | |
|---|---|
| fixed length control field | 00569 a2200205 4500 |
| 020 ## - INTERNATIONAL STANDARD BOOK NUMBER | |
| International Standard Book Number | 9780470044728 |
| 020 ## - INTERNATIONAL STANDARD BOOK NUMBER | |
| International Standard Book Number | 0471758019 |
| 020 ## - INTERNATIONAL STANDARD BOOK NUMBER | |
| International Standard Book Number | 9780471758013 |
| 040 ## - CATALOGING SOURCE | |
| Original cataloging agency | DLC |
| Language of cataloging | DLC |
| 100 1# - MAIN ENTRY--PERSONAL NAME | |
| Personal name | Resnick, Robert |
| 245 10 - TITLE STATEMENT | |
| Title | Fundamentals of physics |
| Remainder of title | David Halliday, Robert Resnick, Jearl Walker. |
| 250 ## - EDITION STATEMENT | |
| Edition statement | 8th ed. |
| 260 ## - PUBLICATION, DISTRIBUTION, ETC. | |
| Place of publication, distribution, etc. | Hoboken, NJ : |
| Name of publisher, distributor, etc. | Wiley, |
| Date of publication, distribution, etc. | c2008. |
| 300 ## - PHYSICAL DESCRIPTION | |
| Extent | xxii, 1056 p. : |
| Other physical details | ill. ; |
| Dimensions | 29 cm. |
| 500 ## - GENERAL NOTE | |
| General note | Includes index. |
| 650 #0 - SUBJECT ADDED ENTRY--TOPICAL TERM | |
| Topical term or geographic name entry element | Physics |
| 700 1# - ADDED ENTRY--PERSONAL NAME | |
| Personal name | Resnick, Robert, |
| Dates associated with a name | 1923- |
| 700 1# - ADDED ENTRY--PERSONAL NAME | |
| Personal name | Walker, Jearl, |
| Dates associated with a name | 1945- |
| 942 ## - ADDED ENTRY ELEMENTS (KOHA) | |
| Koha item type | Book |
| Call number prefix | 530 RES |
| Source of classification or shelving scheme | |
| Withdrawn status | Lost status | Damaged status | Not for loan | Collection code | Permanent Location | Current Location | Shelving location | Date acquired | Source of acquisition | Cost, normal purchase price | Total Checkouts | Total Renewals | Full call number | Barcode | Date last seen | Date last checked out | Price effective from | Koha item type | Checked out | Source of classification or shelving scheme |
|---|---|---|---|---|---|---|---|---|---|---|---|---|---|---|---|---|---|---|---|---|
| Central Library (CL) | Central Library (CL) | General Stacks | 01/19/2011 | Multi-Line Books | 802.89 | 18 | 16 | 530 RES | SEECS010472 | 03/05/2026 | 09/05/2025 | 01/05/2017 | Book | |||||||
| Central Library (CL) | Central Library (CL) | General Stacks | 01/19/2011 | Multi-Line Books | 802.89 | 11 | 4 | 530 RES | SEECS010477 | 12/04/2018 | 12/04/2018 | 01/05/2017 | Book | 01/03/2019 | ||||||
| Central Library (CL) | Central Library (CL) | General Stacks | 01/19/2011 | Multi-Line Books | 802.89 | 13 | 7 | 530 RES | SEECS010478 | 12/26/2021 | 12/26/2021 | 01/05/2017 | Book | 04/25/2022 | ||||||
| Central Library (CL) | Central Library (CL) | General Stacks | 01/19/2011 | Multi-Line Books | 802.89 | 11 | 7 | 530 RES | SEECS010479 | 01/22/2020 | 11/15/2019 | 01/05/2017 | Book | 04/22/2020 | ||||||
| Central Library (CL) | Central Library (CL) | General Stacks | 01/19/2011 | Multi-Line Books | 802.89 | 18 | 7 | 530 RES | SEECS010480 | 08/19/2025 | 08/19/2025 | 01/05/2017 | Book | 09/03/2025 | ||||||
| Central Library (CL) | Central Library (CL) | General Stacks | 01/19/2011 | Multi-Line Books | 802.89 | 24 | 9 | 530 RES | SEECS010482 | 10/02/2025 | 10/02/2025 | 01/05/2017 | Book | 11/01/2025 | ||||||
| Central Library (CL) | Central Library (CL) | General Stacks | 01/19/2011 | Multi-Line Books | 802.89 | 23 | 9 | 530 RES | SEECS010485 | 02/09/2026 | 09/13/2025 | 01/05/2017 | Book | |||||||
| Central Library (CL) | Central Library (CL) | General Stacks | 01/19/2011 | Multi-Line Books | 802.89 | 11 | 7 | 530 RES | SEECS010486 | 09/27/2024 | 09/27/2024 | 01/05/2017 | Book | 10/12/2024 | ||||||
| Central Library (CL) | Central Library (CL) | 03/18/2024 | 530 RES | QRCODE-10480 | 03/18/2024 | 03/18/2024 | Book |
